| 000 | 00331nam a22001097a 4500 | ||
|---|---|---|---|
| 003 | OSt | ||
| 005 | 20260209164441.0 | ||
| 008 | 260209b |||||||| |||| 00| 0 eng d | ||
| 040 | _cMinistry of Public Service youth and Gender Affairs | ||
| 245 | _aNorms and Standards for Management of Human Resources in Public Service | ||
| 942 |
_2ddc _cBK |
||
| 999 |
_c4142 _d4142 |
||